000 01842cam a22003255a 4500
001 K116304
008 190718s2019 xxk f 000 0 eng d
035 _a(Sirsi) u160261
041 _aeng
245 0 0 _aRegulation of Property Agents Working Group Final Report
_bJuly 2019
_h[electronic resource]
260 _a[s.n]
_b[s.n.]
_c2019
520 _aSets out the recommendations of the Regulation of Property Agents Working Group - Chair Lord Best on the regulation of property agents in the UK by an independent regulator with mandatory qualificaitons and a code of practice. Focuses on the scope of a new system of regulation, a new licensing regime, a framework for codes of practice, mandatory qualifications, transparency and use of leasehold and freehold charges, the set up, functions and relationships of a new regulator, assurance and enforcement. For RICS response see K121122.
650 2 4 _aPROPERTY AGENTS
651 4 _aUnited Kingdom
690 _aBlock management
_96220
690 _aResidential property
_96266
690 _aCommercial property
_96227
690 _aBusiness and management
710 1 _aRoyal Institution of Chartered Surveyors
710 1 _aAssociation of Residential Letting Agents
710 1 _aNational Association of Estate Agents
710 1 _aNational Trading Standards Estate Agency Team
710 1 _aInstitute of Residential Property Management
710 1 _aLeasehold Advisory Service
710 1 _aNational Landlords Association
710 1 _aCitizens Advice
710 1 _aOmbudsman Services
856 4 0 _uhttps://assets.publishing.service.gov.uk/government/uploads/system/uploads/attachment_data/file/818244/Regulation_of_Property_Agents_final_report.pdf
_zView copy at assets.publishing.service.gov.uk
942 _n0
999 _c116304
_d116304